<?xml version="1.0" encoding="UTF-8"?>
<collection xmlns="http://www.loc.gov/MARC21/slim">
 <record>
  <leader>00528pamaa2200169   4500</leader>
  <controlfield tag="001">0000030994</controlfield>
  <controlfield tag="005">20070925090000.0</controlfield>
  <datafield tag="020" ind1="0" ind2="0">
   <subfield code="a">0672313871 </subfield>
  </datafield>
  <datafield tag="082" ind1=" " ind2=" ">
   <subfield code="a">005.268 VIS</subfield>
  </datafield>
  <datafield tag="090" ind1="0" ind2="0">
   <subfield code="a">QA76.73.B3 </subfield>
   <subfield code="b">VIS 1999</subfield>
  </datafield>
  <datafield tag="245" ind1="0" ind2="0">
   <subfield code="a">VISUAL Basic source code library  </subfield>
   <subfield code="c">Brian Shea...[et al.].</subfield>
  </datafield>
  <datafield tag="260" ind1="0" ind2="0">
   <subfield code="a">Indiana: </subfield>
   <subfield code="b">SAMS Pub., </subfield>
   <subfield code="c">1999.</subfield>
  </datafield>
  <datafield tag="300" ind1=" " ind2=" ">
   <subfield code="a">xiii, 676p.; </subfield>
   <subfield code="c">26cm.</subfield>
  </datafield>
  <datafield tag="500" ind1="0" ind2="0">
   <subfield code="a">Include 1 CD-ROM titled &quot;Visual basic; source code library&quot;</subfield>
  </datafield>
  <datafield tag="650" ind1="0" ind2="0">
   <subfield code="a">BASIC (Computer program language) </subfield>
  </datafield>
  <datafield tag="650" ind1="0" ind2="0">
   <subfield code="a">Microsoft visual basic </subfield>
  </datafield>
  <datafield tag="700" ind1="1" ind2="1">
   <subfield code="a">Shea, </subfield>
   <subfield code="h">Brian </subfield>
  </datafield>
 </record>
</collection>
